Info Quiz for Last Name Stats

 Plays Quiz not verified by Sporcle

Support Sporcle.
Go Orange.
Score 0/5 Timer 01:00
0 Plays Today
triva fact % Correct
Favoite ColorBlue
100%
cityApex
71.4%
Favoirte ClassForensic Science
57.1%
Favorite Number79
42.9%
zip code27502
28.6%

You're not logged in!

Compare scores with friends on all Sporcle quizzes.
OR
Log In

From the Vault

Nicknames by State Multiple Choice

by geronimostilton

Apparently, we like our nicknames in the Land of the Free.
Remove Ads.
Support Sporcle.
Get the best of Sporcle when you Go Orange. This ad-free experience offers more features, more stats, and more fun while also helping to support Sporcle. Thank you for becoming a member.

Show Comments

Extras

Created Sep 20, 2013ReportNominate
Tags:last

Top Quizzes Today


Score Distribution

Your Account Isn't Verified!

In order to create a playlist on Sporcle, you need to verify the email address you used during registration. Go to your Sporcle Settings to finish the process.

Report this User

Report this user for behavior that violates our Community Guidelines.

Details: